书目信息 |
| 题名: |
工程管理认证知识体系指南
|
|
| 作者: | ;顾孟迪 , 徐臻 , 黄采金 译 ;国际工程管理认证中心EMCI 主持编撰 | |
| 分册: | ||
| 出版信息: | 上海 上海交通大学出版社 2007.05 |
|
| 页数: | 338页 | |
| 开本: | 26cm | |
| 丛书名: | ||
| 单 册: | ||
| 中图分类: | F752.68 | |
| 科图分类: | ||
| 主题词: | 对外承包--dui wai cheng bao--承包工程--管理--资格考核--自学参考资料 | |
| 电子资源: | ||
| ISBN: | 978-7-313-04781-6 | |
| 000 | 01368nam0 2200289 450 | |
| 001 | 012007969602 | |
| 005 | 20070930153513.37 | |
| 010 | @a978-7-313-04781-6@dCNY48.00 | |
| 100 | @a20070810d2007 km y0chiy0120 ea | |
| 101 | 1 | @achi@ceng |
| 102 | @aCN@b310000 | |
| 105 | @aa a 000yy | |
| 200 | 1 | @a工程管理认证知识体系指南@Agong cheng guan li ren zheng zhi shi ti xi zhi nan@d= A guide to the engineering management certificaton body of knowledge@f国际工程管理认证中心EMCI主持编撰@Fguo ji gong cheng guan li ren zheng zhong xin EMCI zhu chi bian zhuan@g黄采金 ... [等] 译@Ghuang cai jin...[deng]yi@zeng |
| 210 | @a上海@c上海交通大学出版社@d2007.05 | |
| 215 | @a338页@c图@d26cm | |
| 304 | @a题名页题 : 黄采金, 顾孟迪, 徐臻, 陈自富译 | |
| 320 | @a有书目 (第323-338页)。 | |
| 330 | @a本书主要内容包括八大知识领域,涉及49个主要知识领域,细分为170个次知识领域。包括知识技能讲解、应用实例、图表等。 | |
| 500 | 10 | @aGuide to the engineering management certificaton body of knowledge@mChinese |
| 606 | 0 | @a对外承包@Adui wai cheng bao@x承包工程@x管理@x资格考核@j自学参考资料 |
| 690 | @aF752.68@v4 | |
| 702 | 0 | @a顾孟迪@Agu meng di@4译 |
| 702 | 0 | @a徐臻@Axu zhen@4译 |
| 702 | 0 | @a黄采金@Ahuang cai jin@4译 |
| 711 | 02 | @a国际工程管理认证中心EMCI@Aguo ji gong cheng guan li ren zheng zhong xin EMCI@4主持编撰 |
| 801 | 0 | @aCN@c20070930 |
| 905 | @dF752.68@eH812 | |
| 工程管理认证知识体系指南= A guide to the engineering management certificaton body of knowledge/国际工程管理认证中心EMCI主持编撰/黄采金 ... [等] 译.-上海:上海交通大学出版社,2007.05 |
| 338页:图;26cm |
| ISBN 978-7-313-04781-6:CNY48.00 |
| 本书主要内容包括八大知识领域,涉及49个主要知识领域,细分为170个次知识领域。包括知识技能讲解、应用实例、图表等。 |
| ● |
| 相关链接 |
|
|
|
正题名:工程管理认证知识体系指南
索取号:F752.68/H812
 
预约/预借
| 序号 | 登录号 | 条形码 | 馆藏地/架位号 | 状态 | 备注 |
| 1 | 257147 | 202571476 | 社科库409/409社科库 48排6列5层/ [索取号:F752.68/H812] | 在馆 | |
| 2 | 257148 | 202571485 | 社科库409/409社科库 48排6列5层/ [索取号:F752.68/H812] | 在馆 |